[Event "LSS BI-2010-P-00020"]
[White "Jacobi, Peter"]
[Black "Andre, Ricardo"]
[Site "LSS email"]
[Round "?"]
[Result "0-1"]
[Date "2010.04.19"]
[WhiteElo "982"]
[BlackElo "1523"]
[PlyCount "66"]
[EventDate "2010.04.22"]
[EventType "tourn (corr)"]
[EventRounds "10"]
[EventCountry "GER"]
[SourceTitle "Telechess CBM 141"]
[Source "ChessBase"]
[SourceDate "2011.03.17"]
[SourceVersion "1"]
[SourceVersionDate "2011.03.17"]
[SourceQuality "1"]

1. d4 d5 2. Nf3 e6 3. Bg5 f6 4. Bh4 c5 5. e3 Nc6 6. Nc3 Nh6 7. Be2 c4 8. Bg3 Bb4 9. Qd2 Nf5 10. a3 Nxg3 11. hxg3 Qa5 12. 0-0-0 Bxa3 13. bxa3 Qxa3+ 14. Kb1 b5 15. e4 Rb8 16. exd5 b4 17. Ne4 b3 18. c3 exd5 19. Qb2 Qxb2+ 20. Kxb2 dxe4 21. Nd2 f5 22. Bxc4 Ke7 23. Nxb3 Na5 24. Ra1 Nxc4+ 25. Kc2 Ra8 26. Ra4 Nb6 27. Ra5 Kf7 28. Nc5 Re8 29. Rxh7 e3 30. fxe3 Rxe3 31. Rh3 Re2+ 32. Kd3 Rxg2 33. d5 Nxd5 0-1